Computational linguistics and intelligent text processing (رقم التسجيلة. 13868)
[ عرض عادي ]
| 000 -الفاتح | |
|---|---|
| حقل البيانات ثابتة الطول | 01748cam a22004097a 4500 |
| 001 - رقم الضبط | |
| رقم الضبط | 7916843 |
| 003 - محدد رقم الضبط | |
| رقم الضبط | OSt |
| 005 - وقت وتاريخ اخر تعامل مع التسجيلة | |
| رقم الضبط | 20150408113914.0 |
| 006 - عناصر البيانات ثابتة الطول - خصائص المادة الاضافية-معلومات عامة | |
| حقل البيانات ثابتة الطول | m d |
| 007 - الحقل الثابت للوصف المادى- معلومات عامة | |
| حقل البيانات ثابتة الطول | cr n |
| 008 - عناصر البيانات ثابتة الطول - معلومات عامة | |
| حقل البيانات ثابتة الطول | 090125s2009 gw a sb 100 0 eng d |
| 020 ## - الرقم الدولى المعيارى للكتب | |
| الرقم الدولى المعيارى للكتاب | 9783642003813 |
| 020 ## - الرقم الدولى المعيارى للكتب | |
| الرقم الدولى المعيارى للكتاب | 3642003818 |
| 035 ## - رقم ضبط النظام | |
| رقم ضبط النظام | (WaSeSS)ssj0000316802 |
| 040 ## - مصدر الفهرسة | |
| وكالة الفهرسة الأصلية | HUA |
| وكالة النسخ | HUA |
| وكالة التعديل | ZCU |
| -- | QE2 |
| -- | DLC |
| -- | WaSeSS |
| 042 ## - رمز التحقق | |
| رمز التحقق | lccopycat |
| 050 #4 - رقم طلب مكتبة الكونجرس | |
| رقم التصنيف | QA76.9.T48 |
| رقم المادة | C49 2009 |
| 082 04 - رقم تصنيف ديوى العشرى | |
| رقم التصنيف | 410.285 |
| رقم الطبعة | 21 |
| رقم المادة | G A C |
| 111 2# - المدخل الرئيسى - اسم مؤتمر | |
| اسم المؤتمر أو اسم السلطة كمدخل | CICLing 2009 |
| رقم جزء/قسم/الاجتماع | (10th : |
| تاريخ الاجتماع | (2009 : |
| موقع المؤتمر | Mexico City, Mexico) |
| 9 (RLIN) | 3418 |
| 210 10 - العنوان المختصر | |
| العنوان المختصر | Computational linguistics and intelligent text processing |
| 245 10 - بيان العنوان | |
| العنوان | Computational linguistics and intelligent text processing |
| الوسيط | [electronic resource] : |
| بقية العنوان | 10th International Conference, CICLing 2009, Mexico City, Mexico, March 1 - 7, 2009, proceedings / |
| بيان المسئوليه,etc | Alexander Gelbukh (ed.) |
| 246 30 - العنوان الموازى | |
| عنوان صحيح/عنوان مختصر | CICLing 2009. |
| 260 ## - PUBLICATION, DISTRIBUTION, ETC. (IMPRINT) | |
| مكان الناشر او الموزع | Berlin : |
| اسم الناشر او الموزع | Springer, |
| تاريخ النشر أو التوزيع | 2009. |
| 490 0# - بيان السلسلة | |
| عنوان السلسلة | Lecture notes in computer science ; |
| رقم المجلد/ التعيين التسلسلي | 5449. |
| 504 ## - تبصرة ببليوجرافية | |
| تبصرة ببليوجرافية,الخ | Includes bibliographical references and author index. |
| 506 ## - تبصرة قيود الاتاحة | |
| قيود الإتاحة | License restrictions may limit access. |
| 650 #0 - المدخل الاضافى بالموضوع-مصطلح موضوعى | |
| مصطلح موضوعي أو اسم جغرافي كعنصر مدخل | Computational linguistics |
| التقسيم الفرعي الشكلي | Congresses. |
| 9 (RLIN) | 3419 |
| 650 #0 - المدخل الاضافى بالموضوع-مصطلح موضوعى | |
| مصطلح موضوعي أو اسم جغرافي كعنصر مدخل | Discourse analysis |
| التقسيم الفرعي العام | Data processing |
| التقسيم الفرعي الشكلي | Congresses. |
| 9 (RLIN) | 3420 |
| 650 #0 - المدخل الاضافى بالموضوع-مصطلح موضوعى | |
| مصطلح موضوعي أو اسم جغرافي كعنصر مدخل | Information storage and retrieval systems |
| التقسيم الفرعي الشكلي | Congresses. |
| 9 (RLIN) | 3421 |
| 650 #0 - المدخل الاضافى بالموضوع-مصطلح موضوعى | |
| مصطلح موضوعي أو اسم جغرافي كعنصر مدخل | Documentation |
| التقسيم الفرعي العام | Data processing |
| التقسيم الفرعي الشكلي | Congresses. |
| 9 (RLIN) | 3422 |
| 650 #0 - المدخل الاضافى بالموضوع-مصطلح موضوعى | |
| مصطلح موضوعي أو اسم جغرافي كعنصر مدخل | Data mining |
| التقسيم الفرعي الشكلي | Congresses. |
| 9 (RLIN) | 3423 |
| 700 1# - المدخل الاضافى - اسم شخصى | |
| الإسم الشخصى | Gelbukh, Alexander, |
| التواريخ المصاحبة للاسم | 1962- |
| 9 (RLIN) | 3424 |
| 773 #0 - مدخل المادة المضيفة | |
| العنوان | SpringerLink ebooks - Computer Science (2009) |
| 856 40 - الوصول و الموقع الالكترونى | |
| معرف المصدر الموحد | <a href="http://www.columbia.edu/cgi-bin/cul/resolve?clio7916843">http://www.columbia.edu/cgi-bin/cul/resolve?clio7916843</a> |
| تبصرة عامة | Full text available from SpringerLink ebooks - Computer Science (2009) |
| 910 ## - بيانات اختيارية للمستخدم | |
| User-option data | Library of Congress record |
| 942 ## - عناصر المدخل الإضافي( كوها) | |
| مصدر التصنيف او مخطط الترفيف | Dewey Decimal Classification |
| Koha [default] item type | DVD |
| حالة الفقد | نموذج السعر الفعال | حالة تلف | ليس للاعارة | رقم الطلب | تاريخ الاكتساب | الموقع الحالي | الباركود | الفرع الرئيسي | Date last seen | نوع المادة فى نظام كوها | مصدر التصنيف او خطة الترفيف | Total Checkouts |
|---|---|---|---|---|---|---|---|---|---|---|---|---|
| 2013-03-10 | 410.285 G A C | 2011-08-27 | قسم الاجراءات الفنية (IC) | 00102092 | قسم الاجراءات الفنية (IC) | 2013-03-10 | كتاب | Dewey Decimal Classification | ||||
| 2013-03-10 | 410.285 G A C | 2011-08-27 | قسم الاجراءات الفنية (IC) | 00102093 | قسم الاجراءات الفنية (IC) | 2013-03-10 | كتاب | Dewey Decimal Classification |
